Miasta Azji Południowo - Wschodniej z mapą - Statystyki

Ogólne statystyki
  • Ten quiz został rozwiązany 819 razy
    818 od ostatniego zresetowania
  • Średni wynik to 13 z 28
Odpowiedzi na mapie
Odpowiedzi zakodowano w zielono-czerwonej skali na mapie do tego quizu, zgodnie z poniższymi procentami.
 
Statystyki odpowiedzi
Miasto % Poprawnych
Bangkok
94%
Dżakarta
94%
Hanoi
93%
Manila
93%
Singapur
89%
Kuala Lumpur
84%
Wientian
69%
Phnom Penh
68%
Ho Chi Minh
67%
Dili
59%
Bandar Seri Begawan
53%
Naypyidaw
53%
Rangun
43%
Phuket
39%
Surabaja
32%
Cebu
30%
Bandung
25%
Davao
23%
Denpasar
23%
Da Nang
22%
Medan
21%
Chiang Mai
20%
Mandalaj
19%
Georgetown
17%
Siĕm Réab
15%
Luang Prabang
14%
Makasar
14%
Zamboanga
10%
Nie znaleziono quizów pasujących do podanych kryteriów
Rozkład punktacji
Procent ludzi z każdym wynikiem
Percentyl według liczby udzielonych odpowiedzi
Twoja historia wyników
Nie rozwiązałeś tego quizu od ostatniego zresetowania